01014nam a2200277 a 4500001001000000003000900010005001700019007000300036008004100039040003000080082002300110110008000133245002700213250002600240264008900266300004300355336002700398337003400425338002800459590002600487650005100513910000700564942001300571952013500584999001700719000016010DO-SdBNP20240314082842.0ta240314s190? dr a 000 0 spa d aDO-SdBNPbspacBNPHUerda a343.0946bM2942221 aRepública Dominicana.bDirección General de Tránsito Terrestre93596010aManual del conductor : aedición actualizada aSanto Domingo :bDirección General de Tránsito Terrestre,cfecha no identificada a33 paginas :bilustraciones ;c22 cm. 2rdacontentatextobtxt 2rdamedia asin mediaciónbn 2rdacarrieravolumenbnc aInventariado, 2024/DG 4aConducción de automóvilesxManuales935961 aDG 2ddccLF2 00102ddc51708PD-FaBNPHUbBNPHUcCTd2024-03-14edonaciónl0oBNPHU PD 343.0946 M294p2024-1426r2024-03-14w2024-03-14yLF2 c56090d56090